000 00435nam a2200157 4500
001 116542
003 ES-MaACL
005 20230906190726.0
007 t|
008 061121s1977 sp r ||||1| spa d
100 1 _aOterino Sánchez, José Luis.
_987874
245 1 0 _aPoesías escogidas /
_cJosé Luis Oterino Sánchez.
260 _aSevilla :
_bECESA,
_c1977.
300 _a160 p. ;
_c22 cm.
852 _aES-MaACL
_jA-7582
_bR.96593
999 _c116542
_d116542